[Event "11th Aosta Open"]
[Site "Saint Vincent ITA"]
[Date "2003.02.13"]
[Round "6"]
[White "Roeder,M"]
[Black "Zelcic,R"]
[Result "1/2-1/2"]
[WhiteElo "2442"]
[BlackElo "2576"]

1.d4 Nf6 2.c4 e6 3.Nf3 Bb4+ 4.Bd2 a5 5.Nc3 d6 6.Bg5 h6 7.Bh4 Qe7 8.a3 Bxc3+
9.bxc3 e5 10.Bxf6 Qxf6 11.e3 O-O 12.Qc2 Qe7 13.c5 Bg4 14.Qe4 Bxf3 15.gxf3 Nc6
16.Bb5 Rab8 17.O-O Qg5+ 18.Qg4 exd4 19.Qxg5 hxg5 20.cxd4 dxc5 21.Bxc6 bxc6
22.dxc5 Rb5 23.a4 Rb4 24.Rfb1 Rfb8 25.Rxb4 Rxb4 26.Rd1 Rc4 27.Rd8+ Kh7 28.Rd7 Kg6
29.Rxc7 Rxc5 30.Ra7 Kf6 31.Kg2 Ke6 32.Kg3 g6 33.e4 f6 34.f4 gxf4+ 35.Kxf4 g5+
36.Ke3 Ke5 37.Re7+ Kd6 38.Ra7 f5 39.exf5 Rxf5 40.h4 gxh4 41.Rh7 Kd5 42.Rxh4 c5
43.Rh8 Kc4 44.Rb8 Re5+ 45.Kd2 Rd5+ 46.Ke3 Rd3+ 47.Ke4 Ra3 48.f4 Rxa4 49.f5 Rb4
50.Ra8 Kb3+ 51.Ke5 a4 52.f6 Rb7 53.Ke6 a3 54.f7 Rxf7 55.Kxf7 a2 56.Rb8+ Ka3
57.Ra8+ Kb2 58.Rb8+ Ka1  1/2-1/2

[Event "ch-RUS w 1st League"]
[Site "Serpukhov RUS"]
[Date "2003.02.22"]
[Round "3"]
[White "Kariakina,M"]
[Black "Derbentseva,I"]
[Result "1/2-1/2"]
[WhiteElo "2171"]
[BlackElo "2049"]

1.d4 Nf6 2.c4 e6 3.Nf3 Bb4+ 4.Bd2 Qe7 5.a3 Bxd2+ 6.Nbxd2 d6 7.e3 O-O 8.Bd3 e5
9.Qc2 Re8 10.e4 Nbd7 11.d5 Nc5 12.O-O Nxd3 13.Qxd3 Rf8 14.b4 Nh5 15.Qe3 f5
16.exf5 Bxf5 17.Nd4 Bd7 18.N2f3 Qf6 19.Ne2 Bg4 20.Nd2 Qg6 21.f3 Bf5 22.Ne4 Rf7
23.Rf2 Bxe4 24.Qxe4 Qxe4 25.fxe4 Rxf2 26.Kxf2 Nf6 27.Ng3 Rf8 28.Kg1 Nd7 29.Rc1 b6
30.Rf1 Ra8 31.Nf5 Re8 32.Rf3 Nf6 33.Nh6+ Kh8 34.Nf7+ Kg8 35.Nh6+ Kh8 36.Nf7+ Kg8
37.Nh6+  1/2-1/2

[Event "Open"]
[Site "Cappelle la Grande FRA"]
[Date "2003.02.23"]
[Round "2"]
[White "Naumkin,I"]
[Black "Bocharov,D"]
[Result "1/2-1/2"]
[WhiteElo "2412"]
[BlackElo "2524"]

1.d4 Nf6 2.Nf3 e6 3.c4 Bb4+ 4.Bd2 a5 5.g3 b6 6.Bg2 Bb7 7.O-O O-O 8.Bg5 Be7
9.Qc2 c5 10.Rd1 cxd4 11.Nxd4 Bxg2 12.Kxg2 Qc7 13.Nd2 Rc8 14.Rac1 Na6 15.Kg1 Nc5
16.Nb5 Qc6 17.Nf3 Nce4 18.Nfd4 Qb7 19.Bxf6 Nxf6 20.Qd3 Rd8 21.Qf3 Qxf3 22.Nxf3 Rac8
23.Nfd4 Kf8 24.h3 g6 25.e3 Ne4 26.Kg2 Nc5 27.Na7 Ra8 28.Nab5 Na6 29.g4 Nb4
30.Nc3 Rac8 31.a3 Na6 32.Na4 Nc5 33.Nxc5 bxc5 34.Nb5 d5 35.cxd5 exd5 36.Rc2 Bf6
37.a4 c4 38.Rcd2 Ke7 39.Nc3 Bxc3 40.bxc3 Ke6 41.e4 Rc5 42.Rxd5 Rcxd5 43.Rxd5 Rxd5
44.exd5+ Kxd5 45.Kf3 Ke5  1/2-1/2

[Event "ch-RUS w 1st League"]
[Site "Serpukhov RUS"]
[Date "2003.02.25"]
[Round "6"]
[White "Kazarina,Y"]
[Black "Grebenschikova,N"]
[Result "0-1"]
[WhiteElo "2183"]
[BlackElo "2092"]

1.d4 Nf6 2.Nf3 e6 3.c4 Bb4+ 4.Bd2 Qe7 5.e3 Bxd2+ 6.Nbxd2 d6 7.Bd3 O-O 8.O-O e5
9.Qc2 Nc6 10.a3 Bg4 11.d5 Nb8 12.Ne1 a5 13.f3 Bd7 14.Bf5 a4 15.Bxd7 Nbxd7
16.Nd3 e4 17.fxe4 Nxe4 18.Rae1 Ndc5 19.Nxc5 Nxc5 20.Rf3 Rae8 21.Rh3 h6 22.Rf1 Ne4
23.Nxe4 Qxe4 24.Qxa4 Qd3 25.Rd1 Qe2 26.Qb3 Re4 27.Qd3 Qxd3 28.Rxd3 Rxc4 29.Rd2 Re8
30.Kf2 Re5 31.Kf3 f5 32.g3 Rc5 33.Rh4 Rexd5 34.Rhd4 Re5 35.h4 Kf7 36.a4 b6
37.b4 Rc1 38.R2d3 g6 39.Rd2 Ke7 40.Rd5 Re4 41.R2d4 Re6 42.Rd1 Rc4 43.R1d4 Re4
44.Rxc4 Rxc4 45.Rd4 Rc3 46.b5 Ke6 47.Kf4 d5 48.Kf3 Ke5 49.Rd2 g5 50.h5 f4
51.gxf4+ gxf4 52.Rg2 Rxe3+ 53.Kg4 Rg3+  0-1

[Event "Spring Festival GM"]
[Site "Bucharest ROM"]
[Date "2003.03.03"]
[Round "1"]
[White "Itkis,B"]
[Black "Mateuta,G"]
[Result "1/2-1/2"]
[WhiteElo "2452"]
[BlackElo "2402"]

1.d4 e6 2.Nf3 Nf6 3.c4 Bb4+ 4.Bd2 c5 5.Bxb4 cxb4 6.e3 b6 7.Be2 Bb7 8.a3 bxa3
9.Rxa3 Nc6 10.Nc3 Nb4 11.O-O O-O 12.Qb3 a5 13.Na2 Nxa2 14.Qxa2 Qc7 15.Ra1 Rfc8  1/2-1/2

[Event "Edda Rapid"]
[Site "Reykjavic ISL"]
[Date "2003.03.03"]
[Round "1"]
[White "Bacrot,E"]
[Black "Bjornsson,S"]
[Result "1-0"]
[WhiteElo "2671"]
[BlackElo "2267"]

1.d4 Nf6 2.c4 e6 3.Nf3 Bb4+ 4.Bd2 Qe7 5.g3 O-O 6.Bg2 Bxd2+ 7.Qxd2 d5 8.O-O c6
9.b3 Ne4 10.Qc2 Nd7 11.Nbd2 Nxd2 12.Nxd2 Nf6 13.e4 dxe4 14.Nxe4 Nxe4 15.Bxe4 h6
16.Qc3 Rd8 17.Rad1 Qf6 18.Rd3 Bd7 19.Rfd1 Be8 20.h4 Rab8 21.Qa5 a6 22.Kg2 g6
23.Qc7 Kh8 24.a4 Kg7 25.Qb6 Qe7 26.b4 Qd6 27.a5 f5 28.Bf3 Bf7 29.Qc5 Kf6
30.Qe5+ Qxe5 31.dxe5+ Ke7 32.Rd6 g5 33.hxg5 hxg5 34.c5 Rxd6 35.cxd6+ Kd7
36.Rh1 Bg6 37.Rh6 Rg8 38.Be2 g4 39.Bc4 f4 40.gxf4 Be4+  1-0

[Event "FSIMB March"]
[Site "Budapest HUN"]
[Date "2003.03.06"]
[Round "6"]
[White "Kovacs,Ga1"]
[Black "Harmon,C"]
[Result "1-0"]
[WhiteElo "2186"]
[BlackElo "2198"]

1.d4 Nf6 2.Nf3 e6 3.c4 Bb4+ 4.Bd2 Qe7 5.Nc3 b6 6.g3 Bb7 7.Bg2 O-O 8.O-O Bxc3
9.Bxc3 Ne4 10.Qd3 Nxc3 11.Qxc3 Be4 12.Rfd1 d6 13.Bf1 Nd7 14.Nd2 Bb7 15.e4 e5
16.d5 f5 17.exf5 Rxf5 18.Bh3 Rh5 19.Bg4 Rh6 20.Ne4 Nf8 21.Qe3 Bc8 22.Bxc8 Rxc8
23.b4 c5 24.bxc5 bxc5 25.Rab1 Qc7 26.Rb5 Rb8 27.Rdb1 Rxb5 28.Rxb5 Qc8 29.h4 Qf5
30.Rb8 Rg6 31.Rd8 Rg4 32.Ng5 Rxc4 33.Ne6 Qb1+ 34.Kh2 h6 35.Qf3  1-0

[Event "FSIMB March"]
[Site "Budapest HUN"]
[Date "2003.03.09"]
[Round "9"]
[White "Berczes,D"]
[Black "Zhidkov,V"]
[Result "1/2-1/2"]
[WhiteElo "2261"]
[BlackElo "2372"]

1.d4 Nf6 2.c4 e6 3.Nf3 Bb4+ 4.Bd2 Qe7 5.g3 Nc6 6.Nc3 Bxc3 7.Bxc3 Ne4 8.Rc1 O-O
9.Bg2 d6 10.d5 Nd8 11.Nd2 Nxc3 12.Rxc3 c5 13.dxe6 fxe6 14.O-O Nf7 15.Qc2 Rb8
16.f4 g6  1/2-1/2

[Event "FSIMA March"]
[Site "Budapest HUN"]
[Date "2003.03.09"]
[Round "9"]
[White "Banusz,T"]
[Black "Eperjesi,L"]
[Result "1/2-1/2"]
[WhiteElo "2255"]
[BlackElo "2271"]

1.d4 Nf6 2.c4 e6 3.Nf3 Bb4+ 4.Bd2 c5 5.Bxb4 cxb4 6.Qd3 O-O 7.e4 d6 8.Nbd2 Nc6
9.Be2 a5 10.O-O b6 11.a3 bxa3 12.bxa3 a4 13.d5 exd5 14.exd5 Ne7 15.Nd4 Bd7
16.Bf3 Qc7 17.Ne4 Nxe4 18.Bxe4 h6 19.Rfe1 Rfe8 20.Rac1 Rac8 21.Re3 Qc5 22.Qc3 b5
23.Rg3 g6 24.Ne6 Bxe6 25.dxe6 Qxc4 26.exf7+ Qxf7 27.Qd2 Rxc1+ 28.Qxc1 Nf5
29.Bxf5 Qxf5 30.h4 Qh5 31.Qc3 Rf8 32.Qd4 Qf5 33.Kh2 Qe5 34.Qg4 Rf6 35.Qc8+ Kg7
36.Qc7+ Rf7 37.Qc2 Rf6 38.Qc7+  1/2-1/2

[Event "Spring Festival GM"]
[Site "Bucharest ROM"]
[Date "2003.03.11"]
[Round "9"]
[White "Itkis,B"]
[Black "Gordin,A"]
[Result "1-0"]
[WhiteElo "2452"]
[BlackElo "2275"]

1.d4 Nf6 2.c4 e6 3.Nf3 Bb4+ 4.Bd2 Qe7 5.g3 b6 6.Bg2 Bb7 7.O-O Bxd2 8.Qxd2 O-O
9.Nc3 d5 10.cxd5 exd5 11.Rfd1 Rd8 12.Qg5 h6 13.Qf4 Na6 14.Nh4 Qd6 15.Qxd6 Rxd6
16.Nf5 Rdd8 17.Rac1 g6 18.Ne3 c6 19.Nc2 Nc7 20.b4 Ba6 21.a4 Bc4 22.Na3 Bb3
23.Rd2 a5 24.Rb2 axb4 25.Rxb3 bxc3 26.Rcxc3 Rxa4 27.Rxc6 Ne6 28.e3 Rda8 29.Nc2 Rb8
30.Rbxb6 Rxb6 31.Rxb6 Ra2 32.Rc6 Rb2 33.Bf3 Kg7 34.Kg2 Ng5 35.Be2 Nge4 36.f3 Nd2
37.Kf2 Rb1 38.Bd3 g5 39.Ke2 Nb3 40.Ne1 Nc1+ 41.Kd2 Nxd3 42.Nxd3 g4 43.fxg4 Rh1
44.Nf4 Rxh2+ 45.Kd3 Nxg4 46.Nxd5 Nf2+ 47.Kc4 Ne4 48.Nc3 Nxg3 49.d5 Rd2 50.d6 Nh5
51.Ne4 Rd1 52.Rc5 Nf6 53.Nxf6 Kxf6 54.Rd5 Rc1+ 55.Kb5 Ke6 56.d7 Rb1+  1-0

[Event "19th Spring Fest"]
[Site "Budapest HUN"]
[Date "2003.03.14"]
[Round "1"]
[White "Czimer,J"]
[Black "Berczes,D"]
[Result "0-1"]
[WhiteElo "2063"]
[BlackElo "2261"]

1.d4 Nf6 2.c4 e6 3.Nf3 Bb4+ 4.Bd2 c5 5.Bxb4 cxb4 6.Nbd2 O-O 7.e4 d6 8.Bd3 Nc6
9.O-O Nd7 10.a4 bxa3 11.Rxa3 e5 12.d5 Nb4 13.Bb1 a5 14.Re1 b6 15.Nf1 Nc5
16.Ne3 g6 17.Nc2 Ba6 18.Ne3 f6 19.Nd2 Qe7 20.Qg4 Qg7 21.Nd1 b5 22.Rxa5 Bc8
23.Rxa8 Bxg4 24.Rxf8+ Qxf8 25.Ne3 Ncd3 26.Bxd3 Nxd3 27.Rb1 Bd7 28.cxb5 Bxb5
29.Ndc4 Nc5 30.f3 Bxc4 31.Nxc4 Nb3 32.Kh1 Qb8  0-1

[Event "Tch-SWE 2002-3"]
[Site "Sweden SWE"]
[Date "2003.03.14"]
[Round "9"]
[White "Landgren,P"]
[Black "Sjoberg,M"]
[Result "1/2-1/2"]
[WhiteElo "2222"]
[BlackElo "2330"]

1.d4 Nf6 2.c4 e6 3.Nf3 Bb4+ 4.Bd2 a5 5.g3 d6 6.Bg2 Nbd7 7.Nc3 Bxc3 8.Bxc3 Ne4
9.Rc1 O-O 10.O-O f5 11.d5 e5 12.Nd2 Nxc3 13.Rxc3 f4 14.Ne4 b6 15.e3 Nc5 16.exf4 exf4
17.Re1 Bd7 18.Qd4 Qe7 19.gxf4 Rxf4 20.Qe3 Qh4 21.Nxc5 bxc5 22.Qg3 Qf6 23.Rf3 Rxf3
24.Bxf3 Rf8 25.Kg2 Qxb2 26.Re7 Rf7 27.Qg5 Qf6 28.Qxf6 gxf6 29.Re3 Rf8 30.Rb3 Kf7
31.Rb7 Rg8+ 32.Kf1  1/2-1/2

[Event "Tch-SWE 2002-3"]
[Site "Sweden SWE"]
[Date "2003.03.15"]
[Round "10"]
[White "Baumbach,F"]
[Black "Bjork,C"]
[Result "1/2-1/2"]
[WhiteElo "2309"]
[BlackElo "2334"]

1.d4 Nf6 2.c4 e6 3.Nf3 Bb4+ 4.Bd2 Qe7 5.g3 Nc6 6.Bg2 Bxd2+ 7.Nbxd2 d6 8.O-O e5
9.d5 Nb8 10.e4 a5 11.Qc2 O-O 12.Ne1 Na6 13.Nd3 Nc5 14.b3 Bg4 15.Rae1 Nfd7
16.f3 Nxd3 17.Qxd3 Nc5 18.Qc3 Bd7 19.f4 f6 20.a3 b5 21.b4 Na4 22.Qc2 Rfb8
23.Rb1 axb4 24.axb4 c5 25.dxc6 Bxc6 26.Rfc1 Bd7 27.Bf1 Rc8 28.Qd3 exf4 29.gxf4 bxc4
30.Rxc4 Be6 31.Rxc8+ Rxc8 32.f5 Bf7 33.Qa6 Rc2 34.Qxa4 Rxd2 35.Qa8+ Be8 36.Bb5 Kf7
37.Bxe8+ Qxe8 38.Qxe8+ Kxe8 39.b5 Kd8 40.b6 Kc8 41.Rc1+  1/2-1/2

[Event "Tch-SWE 2002-3"]
[Site "Sweden SWE"]
[Date "2003.03.16"]
[Round "11"]
[White "Schneider,S"]
[Black "Bjork,C"]
[Result "1-0"]
[WhiteElo "2319"]
[BlackElo "2334"]

1.d4 Nf6 2.c4 e6 3.Nf3 Bb4+ 4.Bd2 Qe7 5.g3 Nc6 6.Bg2 Bxd2+ 7.Nbxd2 d6 8.O-O e5
9.d5 Nb8 10.e4 a5 11.c5 O-O 12.cxd6 cxd6 13.a3 Bg4 14.h3 Bxf3 15.Qxf3 a4
16.Rfc1 Na6 17.b4 axb3 18.Nxb3 Nd7 19.Rab1 Nac5 20.Nd2 Ra4 21.Rb4 Rfa8 22.Nc4 R4a7
23.Rcb1 g6 24.h4 h5 25.Re1 Kg7 26.Bh3 Nf6 27.Re3 Qc7 28.Qe2 Re8 29.Kh1 Ra6
30.Kg1 Qe7 31.Kh1 Rb8 32.Bg2 Ng4 33.Rc3 b5 34.Nd2 Qa7 35.Nb1 Rab6 36.Bf3 Nf6
37.Kg2 Na6 38.Rbb3 Nd7 39.Nd2 Ndc5 40.Rb1 Na4 41.Rcc1 N6c5 42.Qe3 Ra6 43.Be2 Nb6
44.Rc3 Nba4 45.Rcc1 Rab6 46.Rb4 Qd7 47.Rcb1 R6b7 48.Rc1 Qe8 49.Rh1 Qd7 50.g4 hxg4
51.h5 Rh8 52.Qg5 Qd8 53.Qxg4 Nc3 54.Bf1 Rh6 55.Rh3 N5a4 56.Nf3 Qf6 57.Nh4 Rxh5
58.Nf5+ Rxf5 59.exf5 Nxd5 60.Bd3 Rc7 61.fxg6 fxg6 62.Rf3 Nf4+ 63.Rbxf4 exf4
64.Rxf4 Rc4 65.Qd7+  1-0

[Event "19th Open"]
[Site "Bad Woerishofen GER"]
[Date "2003.03.19"]
[Round "7"]
[White "Holscher,P"]
[Black "Loew,G"]
[Result "0-1"]
[WhiteElo "2090"]
[BlackElo "2270"]

1.d4 Nf6 2.Nf3 e6 3.c4 Bb4+ 4.Bd2 Qe7 5.a3 Bxd2+ 6.Qxd2 b6 7.Nc3 Bb7 8.e3 O-O
9.Be2 d5 10.cxd5 exd5 11.O-O Nbd7 12.Rac1 a5 13.Qc2 Rfc8 14.Qf5 c6 15.Bd3 Re8
16.h3 g6 17.Qg5 Ne4 18.Qxe7 Rxe7 19.Bxe4 dxe4 20.Nd2 c5 21.Rfe1 f5 22.a4 cxd4
23.exd4 Rc8 24.Nb5 Rxc1 25.Rxc1 Nf6 26.Nc4 Nd5 27.Ncd6 Ba6 28.Rc6 f4 29.Nc8 Bxc8
30.Rxc8+ Kg7 31.Rd8 e3 32.fxe3 Rxe3  0-1

[Event "TCh-BEL 2002-3"]
[Site "Belgium BEL"]
[Date "2003.03.23"]
[Round "11"]
[White "Ikonnikov,V"]
[Black "Winants,L"]
[Result "1/2-1/2"]
[WhiteElo "2542"]
[BlackElo "2490"]

1.d4 Nf6 2.Nf3 e6 3.c4 Bb4+ 4.Bd2 a5 5.g3 d6 6.Bg2 Nbd7 7.O-O e5 8.e3 Bxd2
9.Nfxd2 O-O 10.Nc3 Re8 11.Qc2 c6 12.Rad1 Qe7 13.h3 h5 14.a3 Nf8 15.dxe5 dxe5
16.Nde4 Nxe4 17.Nxe4 Bf5 18.Qc3 Bxe4 19.Bxe4 a4 20.c5 Red8 21.Rxd8 Rxd8 22.Qa5 Ne6
23.Rc1 h4 24.g4 Ng5 25.Bg2 Qf6 26.Rf1 e4 27.Kh1 g6 28.Qb4 Rd7 29.Bxe4 Nxh3
30.f4 Ng5 31.Bc2 Ne6 32.Bxa4 Qe7 33.Rd1 Rxd1+ 34.Bxd1 Nxc5 35.Qd4 g5 36.Kg2 Ne6
37.Qd2 Qf6 38.Kf3 gxf4 39.exf4 c5 40.b3 Nd4+ 41.Kg2 Qc6+ 42.Kh2 Qe4 43.Qf2 b5
44.a4 bxa4 45.bxa4 c4 46.a5 c3  1/2-1/2

[Event "National I"]
[Site "Bordeaux FRA"]
[Date "2003.04.05"]
[Round "5"]
[White "Van Wely,L"]
[Black "Miralles,G"]
[Result "0-1"]
[WhiteElo "2675"]
[BlackElo "2451"]

1.d4 Nf6 2.c4 e6 3.Nf3 Bb4+ 4.Bd2 a5 5.g3 d6 6.Bg2 Nbd7 7.O-O e5 8.Nc3 O-O
9.a3 Bxc3 10.Bxc3 e4 11.Ng5 d5 12.cxd5 Qe7 13.d6 cxd6 14.d5 h6 15.Nh3 Ne5
16.f4 Neg4 17.Qd4 Bd7 18.Rac1 Rfc8 19.b4 Bb5 20.bxa5 Rc4 21.Qd2 Rac8 22.Bb4 Qc7
23.Rxc4 Qxc4 24.f5 Nxd5 25.Nf4 Nde3 26.Rb1 Nxg2 27.Nxg2 e3 28.Qd3 Qa2 29.Qxb5 Qxb1+
30.Ne1 Rc1  0-1

[Event "National I"]
[Site "Besancon FRA"]
[Date "2003.04.07"]
[Round "7"]
[White "Pinter,J"]
[Black "Chernuschevich,A"]
[Result "1/2-1/2"]
[WhiteElo "2570"]
[BlackElo "2485"]

1.d4 Nf6 2.c4 e6 3.Nf3 Bb4+ 4.Bd2 Qe7 5.g3 O-O 6.Bg2 Bxd2+ 7.Qxd2 d6 8.Nc3 e5
9.O-O Bg4 10.d5 Na6 11.Nh4 Nh5 12.e4 Nf4 13.f3 Nxg2 14.Kxg2 Bd7 15.Rab1 g6
16.Rbe1 c5 17.Qh6 f6 18.Qd2 Nc7 19.a4 b6 20.Rb1 Na6 21.b3 Nb4 22.Rbe1 a6
23.Rf2 Rab8 24.Kg1 b5 25.f4 bxc4 26.bxc4 Qe8 27.Qd1 Rb7 28.Ng2 Bc8 29.Ne3 Re7
30.f5 g5 31.h4 gxh4 32.g4 Rg7 33.Rh2 Qh5 34.Kh1 Qg5 35.Qe2 Bd7 36.a5 Be8
37.Ra1 Kh8 38.Ncd1 Rfg8 39.Nf2 h5 40.Rg2 Rh7 41.Nh3 Qh6 42.Nf2 Qg5 43.Nh3 Qh6
44.Nf2 Qg5 45.Nh3  1/2-1/2

[Event "ch-POLJ u20"]
[Site "Jarnoltowek POL"]
[Date "2003.04.11"]
[Round "7"]
[White "Dziuba,M"]
[Black "Wojtaszek,R"]
[Result "1/2-1/2"]
[WhiteElo "2450"]
[BlackElo "2472"]

1.Nf3 Nf6 2.d4 e6 3.c4 Bb4+ 4.Bd2 c5 5.Bxb4 cxb4 6.g3 O-O 7.Bg2 d6 8.O-O Nc6
9.a3 bxa3 10.Nxa3 e5  1/2-1/2

[Event "Asian Teams w"]
[Site "Jodhpur IND"]
[Date "2003.04.14"]
[Round "8"]
[White "Sultana,Z2"]
[Black "Xu Yuhua"]
[Result "0-1"]
[WhiteElo "2141"]
[BlackElo "2489"]

1.d4 Nf6 2.c4 e6 3.Nf3 Bb4+ 4.Bd2 c5 5.e3 O-O 6.Bd3 Nc6 7.a3 Bxd2+ 8.Nbxd2 d6
9.O-O b6 10.Qc2 Bb7 11.Rfd1 cxd4 12.exd4 Rc8 13.Rac1 Ne7 14.Qb1 Ng6 15.b4 Qe7
16.Re1 Qd7 17.Ne4 Bxe4 18.Bxe4 Qa4 19.Bxg6 hxg6 20.Qd3 Rc7 21.h3 Rfc8 22.Nd2 Qa6
23.Qb3 Qb7 24.Qg3 Rd8 25.Qe3 Qc8 26.Rcd1 b5 27.c5 dxc5 28.bxc5 a6 29.Nf3 Nd5
30.Qc1 Ne7 31.Qb1 Nc6 32.Qb3 Rcd7 33.Qe3 Rd5 34.Rd2 Qc7 35.Red1 a5 36.Qe2 Qb7
37.Rb1 b4 38.axb4 axb4 39.Qe3 Qb5 40.Qf4 e5 41.Qh4 f6 42.Qg4 Nxd4 43.Nh4 g5
44.Rxd4 Rxd4 45.Qe6+ Kh8 46.Ng6+ Kh7 47.Qf5 Qd3 48.Nf8+ Kg8  0-1

[Event "XXXIV Open"]
[Site "Mar del Plata ARG"]
[Date "2003.04.15"]
[Round "5"]
[White "Fiorito,F"]
[Black "Arambel,S"]
[Result "1-0"]
[WhiteElo "2397"]
[BlackElo "2245"]

1.d4 Nf6 2.c4 e6 3.Nf3 Bb4+ 4.Bd2 a5 5.g3 O-O 6.Bg2 b6 7.O-O Ba6 8.Qc2 c6
9.Bg5 Be7 10.c5 h6 11.Bxf6 Bxf6 12.Re1 d5 13.cxd6 Qxd6 14.Nc3 Ra7 15.Rad1 Rc8
16.Ne4 Qd8 17.a3 Be7 18.Nc3 Nd7 19.e4 Nf6 20.Bh3 Bf8 21.Qb3 Qc7 22.Qa2 Rd8
23.Ne5 Re8 24.Nf3 c5 25.e5 Nd7 26.d5 c4 27.dxe6 fxe6 28.Ne4 Nc5 29.Nd6 Re7
30.Nd4 Qd7 31.Bg2  1-0

[Event "XXXIV Open"]
[Site "Mar del Plata ARG"]
[Date "2003.04.16"]
[Round "6"]
[White "Lafuente,P"]
[Black "Jimenez,Jo"]
[Result "1-0"]
[WhiteElo "2431"]
[BlackElo "2232"]

1.d4 Nf6 2.c4 e6 3.Nf3 Bb4+ 4.Bd2 Qe7 5.g3 Nc6 6.Bg2 Bxd2+ 7.Nbxd2 d6 8.O-O a5
9.e4 e5 10.d5 Nb8 11.Ne1 h5 12.h4 Nbd7 13.b3 Nc5 14.a3 Ng4 15.b4 axb4 16.axb4 Rxa1
17.Qxa1 Na6 18.Nd3 g5 19.Nf3 gxh4 20.Nxh4 Qg5 21.Qb2 O-O 22.b5 Nb8 23.c5 f5
24.b6 cxb6 25.cxd6 fxe4 26.Bxe4 Nf6 27.Bg2 Nbd7 28.Nf3 Qf5 29.Ndxe5 Nxd5
30.Nxd7 Qxd7 31.Rd1 Nf6 32.Qxb6 Qa4 33.Qb1 Bg4 34.Re1 Qd7 35.Re7 Qf5 36.Qxb7 Qc8
37.Qb3+ Kh8 38.Qe3 Ng8 39.Qe5+ Rf6 40.Ng5 Bf5 41.Rc7  1-0

[Event "7th Neckar Open"]
[Site "Deizisau GER"]
[Date "2003.04.17"]
[Round "1"]
[White "Burmakin,V"]
[Black "Klamp,C"]
[Result "1-0"]
[WhiteElo "2569"]
[BlackElo "2137"]

1.d4 Nf6 2.Nf3 e6 3.c4 Bb4+ 4.Bd2 c5 5.Bxb4 cxb4 6.Nbd2 O-O 7.e3 b6 8.Bd3 d6
9.O-O Bb7 10.Qc2 Nbd7 11.Ng5 h6 12.Nge4 Nxe4 13.Bxe4 Bxe4 14.Nxe4 Qc7 15.Qb3 a5
16.a3 bxa3 17.Qxa3 Qxc4 18.Qxd6 Qb5 19.Nc3 Qxb2 20.Na4 Qb5 21.Rfb1 Qd5 22.Qxd5 exd5
23.Rb5 Rfb8 24.Rxd5 Nf6 25.Rb5 Nd7 26.Kf1 Kf8 27.Ke2 Ke7 28.Rab1 Ra6 29.e4 Kd6
30.e5+ Kc6 31.f4 Ra7 32.f5 Kc7 33.Kd3 Kd8 34.e6 fxe6 35.fxe6 Nf6 36.d5 Ke7
37.Kd4  1-0

[Event "XXXIV Open"]
[Site "Mar del Plata ARG"]
[Date "2003.04.19"]
[Round "9"]
[White "Lafuente,P"]
[Black "Abarca Aguirre,M"]
[Result "1-0"]
[WhiteElo "2431"]
[BlackElo "2353"]

1.d4 Nf6 2.c4 e6 3.Nf3 Bb4+ 4.Bd2 c5 5.Bxb4 cxb4 6.g3 O-O 7.Bg2 d6 8.O-O Re8
9.Qb3 a5 10.a3 Na6 11.axb4 Nxb4 12.Nc3 Bd7 13.Rfd1 Qc7 14.Nd2 Rab8 15.Rac1 b6
16.Nf1 Rbc8 17.Ne3 h6 18.h3 Qb8 19.Rd2 Red8 20.Qd1 Re8 21.Kh2 Qc7 22.Qh1 Qd8
23.Rdd1 Qe7 24.Qe1 Rc7 25.Ra1 Rec8 26.Na2 Ba4 27.Nxb4 Bxd1 28.Nc6 Rxc6 29.Bxc6 Bxe2
30.Qxe2 Rxc6 31.b4 Qd8 32.Qb2 Rc8 33.bxa5 bxa5 34.Qb5 Ra8 35.c5 dxc5 36.dxc5 Qd2
37.Qb7 Qd8 38.c6 Ne8 39.Rd1 Qc8 40.Rd7 Rb8 41.Qa7 Qxc6 42.Rxf7 Rb1 43.g4 Rh1+
44.Kg3 Qd6+ 45.Kh4 Qd8+ 46.Qe7 Qxe7+ 47.Rxe7 Nf6  1-0

[Event "7th Neckar Open"]
[Site "Deizisau GER"]
[Date "2003.04.20"]
[Round "6"]
[White "Epishin,V"]
[Black "Nisipeanu,LD"]
[Result "1/2-1/2"]
[WhiteElo "2628"]
[BlackElo "2606"]

1.d4 Nf6 2.c4 e6 3.Nf3 Bb4+ 4.Bd2 c5 5.Bxb4 cxb4 6.Qd3 O-O 7.Nbd2 d6 8.e4 Nc6
9.Be2 Nd7 10.O-O e5 11.Rfd1 Re8 12.Qe3 Nf6 13.d5 Ng4 14.Qb3 Qb6 15.Rf1 Nb8
16.a3 Na6 17.c5 Nxc5 18.Qxb4 Qd8 19.Rac1 a5 20.Qc3 a4 21.Ne1 Nf6 22.Qe3 Bd7
23.Nd3 b6 24.Nc4 Qc7 25.f3 Kh8 26.Nd2 Ng8 27.Nb4 Ne7 28.Nb1  1/2-1/2

[Event "7th Neckar Open"]
[Site "Deizisau GER"]
[Date "2003.04.21"]
[Round "8"]
[White "Polak,T"]
[Black "Ikonnikov,V"]
[Result "1/2-1/2"]
[WhiteElo "2463"]
[BlackElo "2546"]

1.d4 Nf6 2.c4 e6 3.Nf3 Bb4+ 4.Bd2 Qe7 5.g3 Nc6 6.Bg2 Bxd2+ 7.Nbxd2 d6 8.Nf1 e5
9.Ne3 O-O 10.O-O a5 11.Rc1 Re8 12.Re1 e4 13.Nd2 Nxd4 14.Nxe4 Nxe4 15.Qxd4 Nc5
16.Nd5 Qd8 17.Rcd1 Be6 18.Nf4  1/2-1/2

[Event "XXI Open"]
[Site "Metz FRA"]
[Date "2003.04.21"]
[Round "3"]
[White "Savchenko,S"]
[Black "Deiller,P"]
[Result "1-0"]
[WhiteElo "2559"]
[BlackElo "2038"]

1.d4 Nf6 2.Nf3 e6 3.c4 Bb4+ 4.Bd2 Bxd2+ 5.Qxd2 Ne4 6.Qc2 f5 7.g3 b6 8.Bg2 Bb7
9.O-O Qc8 10.d5 O-O 11.Nbd2 Nf6 12.e4 fxe4 13.Nxe4 Nxe4 14.Qxe4 exd5 15.cxd5 Qe8
16.Qd4 Qh5 17.Ne5 d6 18.Nd3 Nd7 19.Rfe1 Rfe8 20.Nf4 Qf7 21.Ne6 Nf8 22.Re3 Bc8
23.Ng5 Qg6 24.Rxe8 Qxe8 25.Rc1 Qe7 26.Qe3 Qxe3 27.fxe3 h6 28.Nf3 Bb7 29.e4 Rc8
30.Bh3 Re8 31.Rxc7 Ba6 32.Nd2 Bd3 33.Rc8 Rxc8 34.Bxc8 Ng6 35.Kf2 Ne5 36.Ke3 Bb5
37.b3 Kf7 38.a4 Bd7 39.Bxd7 Nxd7 40.Nc4 Ke7 41.b4 g5 42.Kd4 h5 43.h3 g4 44.h4 Nb8
45.Ne3 Na6 46.Nf5+ Kd7 47.Kc4  1-0

[Event "FSIMA May"]
[Site "Budapest HUN"]
[Date "2003.05.08"]
[Round "6"]
[White "Galyas,M"]
[Black "Berczes,C"]
[Result "1/2-1/2"]
[WhiteElo "2413"]
[BlackElo "2251"]

1.d4 Nf6 2.c4 e6 3.Nf3 Bb4+ 4.Bd2 Qe7 5.g3 O-O 6.Bg2 Ne4 7.O-O Nxd2 8.Nbxd2 Bxd2
9.Qxd2 d6 10.Rac1 e5 11.Qe3 Nc6 12.d5 Nb8 13.c5 Na6 14.cxd6 cxd6 15.Nd2 b6
16.f4 f6 17.fxe5 fxe5 18.Rxf8+ Qxf8 19.a3 Bb7 20.b4 Qe7 21.Be4 Rc8 22.Rxc8+ Bxc8
23.Qd3 h6 24.Nf3 Nc7 25.Nh4 Qf7 26.Nf5 Qd7 27.Qf3 Ne8 28.Bd3 Qf7 29.Ne3 Qxf3
30.exf3 Kf7 31.Kf2 Nf6 32.a4 Bd7 33.a5 b5 34.Ke2 a6 35.Be4 Nxe4 36.fxe4 g6
37.Kf3 Kf6 38.Nf1 h5 39.Ke3 g5 40.Nd2 Bc8 41.Nf3 Bg4 42.h4 Bxf3 43.Kxf3 g4+
44.Ke3  1/2-1/2

[Event "FSIMA May"]
[Site "Budapest HUN"]
[Date "2003.05.08"]
[Round "6"]
[White "Husari,Sa"]
[Black "Jakab,A"]
[Result "1/2-1/2"]
[WhiteElo "2334"]
[BlackElo "2388"]

1.d4 e6 2.Nf3 Nf6 3.c4 Bb4+ 4.Bd2 Qe7 5.g3 Bxd2+ 6.Qxd2 d6 7.Bg2 O-O 8.O-O e5
9.Na3 h6 10.Nc2 Bg4 11.Ne3 c6 12.Nh4 Bh5 13.h3 exd4 14.Qxd4 Qe5 15.Qxe5 dxe5
16.g4 Bg6 17.Nef5 Bxf5 18.Nxf5 a5 19.Nd6 Ra7 20.Rfd1 Na6 21.Ne4 Nxe4 22.Bxe4 Nc5
23.Bg2 Raa8 24.Rd2 Rfd8 25.Rad1 Rxd2 26.Rxd2 Kf8 27.Kf1 Ke7 28.Ke1 Rh8 29.h4 h5
30.g5 f6 31.gxf6+ gxf6 32.Bh3 Rb8 33.f3 Ne6  1/2-1/2

[Event "National I"]
[Site "Clermont-Ferrand FRA"]
[Date "2003.05.10"]
[Round "10"]
[White "Istratescu,A"]
[Black "Chernuschevich,A"]
[Result "1/2-1/2"]
[WhiteElo "2593"]
[BlackElo "2485"]

1.d4 Nf6 2.Nf3 e6 3.c4 Bb4+ 4.Bd2 Qe7 5.g3 Bxd2+ 6.Qxd2 d6 7.Nc3 O-O 8.Bg2 e5
9.O-O Bg4 10.Rfe1 c6 11.Rad1 Na6 12.h3 Bxf3 13.exf3 Qc7 14.f4 exd4 15.Qxd4 Rfd8
16.g4 Nb4 17.Re2 d5 18.Red2 Re8 19.cxd5 Nbxd5 20.Bxd5 Nxd5 21.Nxd5 cxd5 22.Qxd5 Qxf4
23.Qxb7 h5 24.Rd4 Qf6 25.b3 a5 26.Kg2 hxg4 27.hxg4 Ra6 28.Re4 Rae6 29.Rxe6 Qxe6
30.Qf3 Qe7 31.Rd4 Rd8 32.Re4 Qc5 33.Rf4 Qc7 34.Rf5 g6 35.Rb5 Rd4 36.g5 Rh4
37.a4 Qh2+ 38.Kf1 Rf4 39.Qg2 Qh5 40.Qd5 Qh2 41.Qg2 Qh5 42.Qd5 Qh2 43.Qg2  1/2-1/2

[Event "National I"]
[Site "Clermont-Ferrand FRA"]
[Date "2003.05.10"]
[Round "10"]
[White "Legky,N"]
[Black "Bischoff,K"]
[Result "1-0"]
[WhiteElo "2497"]
[BlackElo "2564"]

1.d4 Nf6 2.Nf3 e6 3.c4 Bb4+ 4.Bd2 Bxd2+ 5.Qxd2 O-O 6.Nc3 d5 7.e3 Qe7 8.cxd5 exd5
9.Qc2 c6 10.Bd3 Nbd7 11.O-O Re8 12.Rab1 a5 13.a3 g6 14.Na4 Ne4 15.Bxe4 Qxe4
16.Qxe4 Rxe4 17.Rbc1 Re8 18.Rfe1 Nf6 19.Nd2 Bf5 20.f3 h5 21.h4 Kg7 22.Kf2 Nd7
23.Nc5 Nxc5 24.Rxc5 Red8 25.Nb3 a4 26.Nc1 Rd6 27.Rd1 Bb1 28.Rd2 Re6 29.Rc3 Re7
30.Rd1 Rae8 31.Nb3 Bf5 32.Nd2 Ra8 33.Nf1 Ra6 34.Ng3 Be6 35.Rd2 f6 36.Rc1 Bf7
37.Ne2 Ra8 38.Nc3 Rd7 39.Re1 Re7 40.e4 dxe4 41.fxe4 Bb3 42.d5 Rae8 43.dxc6 bxc6
44.Rh1 f5 45.exf5 Rf8 46.Rh3 Rxf5+ 47.Rf3 Ra5 48.Rd6 Bc2 49.Rxc6 Rd7 50.Re3 Rf5+
51.Ke1 Bd3 52.Ne2 Rb5 53.Nf4 Bf5 54.Re2 Rdb7 55.Ne6+ Bxe6 56.Rexe6 Rxb2 57.Rxg6+ Kf7
58.Rcf6+ Ke7 59.Re6+ Kf7 60.Ref6+ Ke7 61.Ra6 Kf7 62.Rgf6+ Kg7 63.Kf1 Ra2
64.Kg1 Kg8 65.Rxa4  1-0

[Event "28th Elekes Mem GM"]
[Site "Budapest HUN"]
[Date "2003.05.19"]
[Round "3"]
[White "Galyas,M"]
[Black "Burnett,R"]
[Result "1/2-1/2"]
[WhiteElo "2413"]
[BlackElo "2442"]

1.d4 Nf6 2.c4 e6 3.Nf3 Bb4+ 4.Bd2 Qe7 5.g3 Nc6 6.Nc3 Bxc3 7.Bxc3 Ne4 8.Rc1 d6
9.Bg2 e5 10.Nxe5 dxe5 11.Bxe4 Nxd4 12.Bxd4 exd4 13.Qxd4 O-O 14.O-O Rd8 15.Qe3 Re8
16.Bd5 Bh3 17.Qxe7 Rxe7 18.Rfe1 c6 19.Bf3 Rd8 20.Red1 Red7 21.e3 Kf8 22.Rxd7 Rxd7
23.Rd1 Rxd1+ 24.Bxd1 Be6 25.Be2 Ke7 26.b4 b6 27.e4 Kd6 28.f4 f6 29.Kf2 c5
30.b5 h6 31.Ke3 g6 32.Bd3 Bf7 33.h4 Ke7 34.g4 Kd6 35.Kf3 Ke6 36.Bf1 Kd6 37.Be2 Ke6
38.Bd3 Kd6 39.Ke3 Ke6 40.Be2 Kd6 41.Kd3 Ke7 42.Bd1 g5 43.hxg5 hxg5 44.f5  1/2-1/2